[Event "AUT_chT 2012/13"]
[Site "Hohenems"]
[Date "2013.01.18"]
[Round "5"]
[Board "5"]
[White "Hoelzl, Franz"]
[Black "Siebrecht, Sebastian"]
[Result "1/2-1/2"]
[WhiteElo "2334"]
[BlackElo "2494"]
[PlyCount "121"]
[EventDate "2012.11.02"]
[EventType "team"]
[EventRounds "11"]
[EventCountry "AUT"]
[WhiteTeam "ASVOE Fundermax St.Veit"]
[BlackTeam "SK Advisory Invest Baden"]

1. c4 e5 2. g3 Nc6 3. Bg2 Bc5 4. Nc3 a6 5. d3 d6 6. Bd2 Nge7 
7. Nd5 O-O 8. b4 Ba7 9. Rc1 Nxd5 10. cxd5 Ne7 11. Qc2 c6 12. dxc6 Nxc6 
13. Bxc6 bxc6 14. Qxc6 Be6 15. Nf3 Rc8 16. Qxa6 Rxc1+ 17. Bxc1 Qa8 18. Qa5 Qc6 
19. O-O Ra8 20. b5 Qb7 21. Qb4 Bc5 22. Qh4 f6 23. d4 Ra4 24. Be3 Qxb5 
25. Qh5 Bb6 26. Nd2 Qd7 27. Rb1 Bg4 28. Qh4 exd4 29. Bf4 Ba7 30. Rb2 Ra5 
31. Ne4 Qe6 32. h3 Bxh3 33. Bd2 Re5 34. Nxf6+ Qxf6 35. Qxh3 h5 36. Bf4 Rf5 
37. Rb7 Bc5 38. a4 Qe6 39. Kf1 d3 40. exd3 Bxf2 41. Rb8+ Kh7 42. Re8 Qf7 
43. Kxf2 Rxf4+ 44. gxf4 Qxe8 45. Qf5+ g6 46. Qe4 Qd8 47. Kg2 d5 48. Qe6 Qa5 
49. Qe7+ Kg8 50. Qe8+ Kg7 51. Kf3 Qd2 52. Qe2 Qa5 53. Qe5+ Kh7 54. Qe7+ Kg8 
55. Qd7 Kf8 56. f5 gxf5 57. Qxf5+ Ke7 58. Qe5+ Kf8 59. Qd4 Kf7 60. Kg3 Kg6 
61. Kf3 1/2-1/2

[Event "AUT_chT 2012/13"]
[Site "Hohenems"]
[Date "2013.01.18"]
[Round "5"]
[Board "6"]
[White "Fauland, Alexander"]
[Black "Kaspret, Guido"]
[Result "1-0"]
[WhiteElo "2439"]
[BlackElo "2303"]
[PlyCount "58"]
[EventDate "2012.11.02"]
[EventType "team"]
[EventRounds "11"]
[EventCountry "AUT"]
[WhiteTeam "SK Advisory Invest Baden"]
[BlackTeam "ASVOE Fundermax St.Veit"]

1. c4 e5 2. g3 Nc6 3. Bg2 g6 4. Nc3 Bg7 5. d3 h5 6. Nf3 Nh6 
7. Bg5 f6 8. Bxh6 Bxh6 9. d4 d6 10. dxe5 Nxe5 11. Nxe5 fxe5 12. Be4 O-O 
13. c5 Kg7 14. cxd6 Qf6 15. O-O Rd8 16. Qb3 c6 17. Rad1 Rxd6 18. Qa3 Rd4 
19. e3 Rxd1 20. Rxd1 Be6 21. Bg2 Kh8 22. Qd6 Rf8 23. Rd2 Bg7 24. Ne4 Qf5 
25. Nc5 Bf7 26. Be4 Qg4 27. Qe7 Bxa2 28. h3 Qxh3 29. b3 h4 1-0

[Event "AUT_chT 2012/13"]
[Site "Hohenems"]
[Date "2013.01.18"]
[Round "5"]
[Board "2"]
[White "Polak, Thomas"]
[Black "Bauer, Christian"]
[Result "0-1"]
[WhiteElo "2520"]
[BlackElo "2633"]
[PlyCount "174"]
[EventDate "2012.11.02"]
[EventType "team"]
[EventRounds "11"]
[EventCountry "AUT"]
[WhiteTeam "SK Zwettl"]
[BlackTeam "SK Sparkasse Jenbach"]

1. d4 a6 2. e4 e6 3. c4 d5 4. exd5 exd5 5. Nf3 Nf6 6. Nc3 Bb4 
7. Be2 O-O 8. O-O dxc4 9. Bxc4 Nc6 10. Bg5 Bg4 11. Nd5 Be7 12. Ne3 Bc8 
13. Re1 Ne8 14. Bf4 Bf6 15. d5 Ne7 16. Qc2 Ng6 17. Bg3 Nd6 18. Bd3 Bd7 
19. h4 Re8 20. h5 Nf8 21. Rac1 Rc8 22. Qb3 Re7 23. Qb4 Re8 24. b3 Nb5 
25. a4 Be7 26. Qd2 Nd6 27. Bb1 Bf6 28. Qb4 Be7 29. Qf4 Bf6 30. Nc4 Rxe1+ 
31. Rxe1 Nxc4 32. Qxc4 b5 33. axb5 axb5 34. Qe4 c6 35. d6 Be6 36. Nd4 Bd5 
37. Qd3 Qa5 38. Rd1 Re8 39. Kh2 b4 40. Nf5 g6 41. Nh6+ Kh8 42. Ng4 Bc3 
43. Bh4 Nd7 44. Qg3 Be6 45. hxg6 hxg6 46. Ne3 Kg7 47. Kg1 Qh5 48. Qg5 Qxg5 
49. Bxg5 Bxb3 50. Rc1 f6 51. Bf4 Ra8 52. Be4 Ra6 53. Nd1 Be5 54. Bxe5 Nxe5 
55. Rb1 Bxd1 56. Rxd1 Nd7 57. Bd3 Ra7 58. Bc4 g5 59. Be6 Kf8 60. Kf1 Ke8 
61. Ke2 Ra5 62. Kd2 Re5 63. Bc4 Nb6 64. Bb3 Kd7 65. Rh1 Kxd6 66. Rh6 Rf5 
67. f3 Nd7 68. Rh8 Nc5 69. Bf7 Re5 70. Rb8 Re7 71. Bc4 Rb7 72. Re8 b3 
73. Re1 Ra7 74. Kc3 Ra2 75. Rd1+ Kc7 76. Kb4 Kb6 77. Rd6 Ra4+ 78. Kc3 b2 
79. Kxb2 Rxc4 80. Rxf6 Kb5 81. Rg6 Kb4 82. Kb1 Nd3 83. Rd6 Rc3 84. Ka2 c5 
85. g3 Rc2+ 86. Kb1 Rc1+ 87. Ka2 Kc3 0-1

[Event "AUT_chT 2012/13"]
[Site "Hohenems"]
[Date "2013.01.18"]
[Round "5"]
[Board "3"]
[White "Schlosser, Philipp"]
[Black "Krejci, Jan"]
[Result "1-0"]
[WhiteElo "2579"]
[BlackElo "2514"]
[PlyCount "139"]
[EventDate "2012.11.02"]
[EventType "team"]
[EventRounds "11"]
[EventCountry "AUT"]
[WhiteTeam "SK Sparkasse Jenbach"]
[BlackTeam "SK Zwettl"]

1. c4 Nf6 2. Nf3 e6 3. Nc3 Bb4 4. g3 O-O 5. Bg2 c5 6. O-O Nc6 
7. d4 d6 8. dxc5 Bxc3 9. bxc3 dxc5 10. Bf4 Qa5 11. Qb3 Bd7 12. Ne5 Qa6 
13. Rfd1 Rfd8 14. Rd6 Be8 15. Nxc6 Bxc6 16. Bxc6 bxc6 17. Rad1 Rxd6 18. Rxd6 h6 
19. f3 Re8 20. Kf2 e5 21. Bxh6 Qc8 22. Bg5 e4 23. Qd1 Qh3 24. Kg1 exf3 
25. exf3 Nh5 26. Rd8 Rxd8 27. Qxd8+ Kh7 28. Qd3+ g6 29. g4 Ng7 30. Qf1 Qxf1+ 
31. Kxf1 Ne6 32. Be3 Kg7 33. h4 f5 34. Ke2 Kf6 35. Kd3 Ke5 36. Kc2 a6 
37. Kd3 Kf6 38. Bh6 Ke5 39. Ke3 Kf6 40. Bf4 Nf8 41. Bd6 Nd7 42. Bc7 Nf8 
43. Kd3 Ke6 44. Kd2 Nd7 45. Ke3 Kf7 46. Kf4 fxg4 47. fxg4 Kf6 48. Bd8+ Kg7 
49. Ke4 Kh6 50. Bg5+ Kg7 51. Be7 Kf7 52. Bd8 Ke8 53. Bg5 Nb6 54. Ke5 Kf7 
55. Kd6 Nxc4+ 56. Kxc6 Ne5+ 57. Kxc5 Nxg4 58. Kb6 Ke6 59. Kxa6 Kd5 60. Kb5 Ne5 
61. a4 Nc4 62. a5 Nd6+ 63. Kb4 Kc6 64. Be3 Kb7 65. Kc5 Nf5 66. Bg5 Ka6 
67. Bd8 Ng3 68. Kd5 Ne2 69. c4 Nf4+ 70. Kd6 1-0

[Event "AUT_chT 2012/13"]
[Site "Hohenems"]
[Date "2013.01.18"]
[Round "5"]
[Board "5"]
[White "Bischoff, Klaus"]
[Black "Blatny, Pavel"]
[Result "0-1"]
[WhiteElo "2519"]
[BlackElo "2420"]
[PlyCount "86"]
[EventDate "2012.11.02"]
[EventType "team"]
[EventRounds "11"]
[EventCountry "AUT"]
[WhiteTeam "SK Sparkasse Jenbach"]
[BlackTeam "SK Zwettl"]

1. c4 d6 2. Nc3 e5 3. Nf3 Bg4 4. e3 Nc6 5. h3 Bh5 6. Be2 Bg6 
7. d4 e4 8. Nd2 f5 9. g4 Nf6 10. Nf1 h5 11. gxf5 Bxf5 12. Ng3 Bg6 
13. h4 Qd7 14. Qa4 Ne7 15. Qxd7+ Kxd7 16. Bf1 Re8 17. Bh3+ Kd8 18. Nce2 Bf7 
19. b3 d5 20. Nf4 Ng6 21. Nxg6 Bxg6 22. cxd5 Nxd5 23. Bd2 Bf7 24. Ke2 Be6 
25. Raf1 Bg4+ 26. Bxg4 hxg4 27. h5 Nf6 28. Rh4 Bd6 29. Nf5 Rxh5 30. Rxh5 Nxh5 
31. Rg1 Nf6 32. Nxg7 Rh8 33. Nf5 Kd7 34. a4 Rh5 35. Nxd6 Kxd6 36. Bb4+ Ke6 
37. Bf8 Rh7 38. Ba3 Kf5 39. Bb4 Nd5 40. Bd2 Rh6 41. Kd1 Nf6 42. Ke2 Rh2 
43. Kf1 Nh7 0-1

[Event "AUT_chT 2012/13"]
[Site "Hohenems"]
[Date "2013.01.18"]
[Round "5"]
[Board "6"]
[White "Wagner, Stefan"]
[Black "Lehner, Oliver"]
[Result "0-1"]
[WhiteElo "2178"]
[BlackElo "2446"]
[PlyCount "164"]
[EventDate "2012.11.02"]
[EventType "team"]
[EventRounds "11"]
[EventCountry "AUT"]
[WhiteTeam "SK Zwettl"]
[BlackTeam "SK Sparkasse Jenbach"]

1. c4 e6 2. g3 d5 3. cxd5 exd5 4. Bg2 Nf6 5. Nf3 Be7 6. O-O O-O 
7. d4 Re8 8. Nc3 c6 9. Bf4 Bf5 10. h3 Ne4 11. Qb3 Nxc3 12. bxc3 Qb6 
13. g4 Be4 14. Nd2 Bg6 15. Rfe1 Nd7 16. e4 dxe4 17. Nxe4 Nf6 18. Nxf6+ Bxf6 
19. Rac1 h6 20. Bg3 Rac8 21. Kh2 Bd3 22. Bf3 Bg5 23. Ra1 Qa6 24. h4 Bf6 
25. a4 Bc4 26. Qc2 Qa5 27. Re3 Qd8 28. Kh3 Bd5 29. Qe2 Qd7 30. Kh2 Re6 
31. Re1 Rce8 32. Qd1 g6 33. Rxe6 Rxe6 34. Rxe6 Qxe6 35. Qe2 Bd8 36. Qxe6 Bxe6 
37. Be2 Bb3 38. c4 Bxa4 39. d5 cxd5 40. cxd5 a5 41. Bb8 Bxh4 42. Bc7 Bxf2 
43. Bxa5 Bc5 44. Bc7 Kf8 45. Kg2 Ke7 46. Bf4 g5 47. Bc7 Bb3 48. Bf3 b5 
49. Kf1 Bd6 50. Bb6 b4 51. Bd4 Bc2 52. Ke1 b3 53. Bb2 f6 54. Ke2 Be5 
55. Ba3+ Kd7 56. Kd2 f5 57. gxf5 Bxf5 58. Kc1 g4 59. Bd1 g3 60. Bxb3 Bd4 
61. Ba4+ Kc7 62. d6+ Kb7 63. Bd1 Bh3 64. d7 Bxd7 65. Bd6 g2 66. Bh2 g1=Q 
67. Bxg1 Bxg1 68. Bf3+ Kc7 69. Kd1 Kd6 70. Ke1 Ke5 71. Kf1 Kf4 72. Bb7 Bd4 
73. Kg2 h5 74. Kh2 h4 75. Bg2 Be5 76. Bd5 Kg4+ 77. Kh1 Kg3 78. Bb7 h3 
79. Bd5 Bb5 80. Kg1 Bd4+ 81. Kh1 Bf1 82. Bc4 Bg2+ 0-1

[Event "AUT_chT 2012/13"]
[Site "Hohenems"]
[Date "2013.01.18"]
[Round "5"]
[Board "2"]
[White "Schenk, Andreas"]
[Black "Rotstein, Arkadij"]
[Result "1/2-1/2"]
[WhiteElo "2487"]
[BlackElo "2506"]
[PlyCount "191"]
[EventDate "2012.11.02"]
[EventType "team"]
[EventRounds "11"]
[EventCountry "AUT"]
[WhiteTeam "SK Sparkasse Fuerstenfeld"]
[BlackTeam "SK Absam"]

1. d4 f5 2. Nc3 d5 3. Bf4 a6 4. f3 Nf6 5. e4 dxe4 6. fxe4 fxe4 
7. Qd2 Bf5 8. Bc4 Nc6 9. O-O-O e6 10. h3 Qd7 11. g4 Bg6 12. Qh2 Na5 
13. Bf1 O-O-O 14. Nge2 Nd5 15. Bg2 Nc4 16. Qg3 e3 17. Kb1 Qc6 18. Bxd5 exd5 
19. Rc1 Ba3 20. b3 Rhe8 21. Ka1 Nd2 22. Be5 Qb6 23. Na4 Qa5 24. Qxe3 Nc4 
25. bxc4 Bxc1 26. Qb3 dxc4 27. Qxc4 Rxe5 28. dxe5 Qxe5+ 29. Nac3 Bg5 30. h4 Be7 
31. Kb2 h5 32. gxh5 Bxh5 33. Nf4 Bf3 34. Rf1 Bc6 35. Ng6 Qd6 36. Nxe7+ Qxe7 
37. Rf7 Qe5 38. Qg4+ Kb8 39. Qxg7 Qc5 40. a3 Qb6+ 41. Kc1 Qe3+ 42. Kb2 Rd2 
43. Qf8+ Ka7 44. Rf1 Qd3 45. Rc1 Qd4 46. Qe7 Qb6+ 47. Ka1 Rh2 48. Qe5 Rxh4 
49. Rb1 Qd4 50. Qxd4+ Rxd4 51. Rd1 Rg4 52. Rd2 b5 53. Kb2 Rh4 54. Nd5 Kb7 
55. Nb4 Be4 56. Re2 a5 57. Na2 c6 58. Nc3 Bh7 59. Rd2 Kb6 60. Rg2 Kc5 
61. Rf2 Kc4 62. Ne2 Kd5 63. Nc3+ Kd4 64. Rd2+ Kc4 65. Rf2 Rh3 66. Rf4+ Kc5 
67. Ne4+ Bxe4 68. Rxe4 Kd5 69. Rg4 Re3 70. Rg8 Kd4 71. Ra8 a4 72. Rd8+ Kc4 
73. Rc8 c5 74. Rh8 Re4 75. Ra8 Re5 76. Ra7 Kd4 77. Rd7+ Rd5 78. Rh7 c4 
79. Rh4+ Kc5 80. Kc3 Rf5 81. Rh3 Rf1 82. Rh5+ Kb6 83. Rh6+ Ka5 84. Rh3 Rb1 
85. Rh6 Re1 86. Rh3 Rd1 87. Rh6 Ra1 88. Kb2 Re1 89. Rh3 Kb6 90. Kc3 Ra1 
91. Rh6+ Ka5 92. Kb2 Rf1 93. Rh3 Rf6 94. Kc3 Kb6 95. Rg3 Rd6 96. Kb4 1/2-1/2

[Event "AUT_chT 2012/13"]
[Site "Hohenems"]
[Date "2013.01.18"]
[Round "5"]
[Board "3"]
[White "Dizdar, Goran"]
[Black "Farago, Ivan"]
[Result "1/2-1/2"]
[WhiteElo "2491"]
[BlackElo "2472"]
[PlyCount "61"]
[EventDate "2012.11.02"]
[EventType "team"]
[EventRounds "11"]
[EventCountry "AUT"]
[WhiteTeam "SK Absam"]
[BlackTeam "SK Sparkasse Fuerstenfeld"]

1. Nf3 d5 2. d4 Nf6 3. c4 e6 4. e3 b6 5. Nc3 Bb7 6. cxd5 exd5 
7. Bb5+ c6 8. Bd3 Be7 9. O-O O-O 10. e4 dxe4 11. Nxe4 Nxe4 12. Bxe4 Nd7 
13. Re1 Nf6 14. Bc2 Bb4 15. Re3 c5 16. a3 cxd4 17. Rd3 Be7 18. Rxd4 Qc8 
19. Bg5 Bxf3 20. gxf3 Qc5 21. Bh4 Rad8 22. Rxd8 Rxd8 23. Qe2 Bd6 24. Rd1 Re8 
25. Qd3 Qh5 26. Bg3 Bxg3 27. hxg3 Qe5 28. Bb3 g6 29. Rd2 Kg7 30. Kg2 h5 
31. Qc4 1/2-1/2

[Event "AUT_chT 2012/13"]
[Site "Hohenems"]
[Date "2013.01.18"]
[Round "5"]
[Board "4"]
[White "Poetz, Florian"]
[Black "Wegerle, Joerg"]
[Result "1/2-1/2"]
[WhiteElo "2420"]
[BlackElo "2427"]
[PlyCount "94"]
[EventDate "2012.11.02"]
[EventType "team"]
[EventRounds "11"]
[EventCountry "AUT"]
[WhiteTeam "SK Sparkasse Fuerstenfeld"]
[BlackTeam "SK Absam"]

1. e4 e6 2. d4 d5 3. Nc3 dxe4 4. Nxe4 Bd7 5. Nf3 Bc6 6. Bd3 Nd7 
7. O-O Ngf6 8. Ng3 Be7 9. c4 O-O 10. b3 b6 11. Bb2 Bb7 12. Qe2 c5 
13. dxc5 bxc5 14. Rad1 Qc7 15. Ne5 Rad8 16. Bc2 Nxe5 17. Bxe5 Qc6 18. f3 Rxd1 
19. Rxd1 Rd8 20. Rxd8+ Bxd8 21. Qd3 Qd7 22. Qxd7 Nxd7 23. Bd6 f5 24. a3 Kf7 
25. b4 Be7 26. Bxe7 Kxe7 27. f4 Kd6 28. Kf2 g6 29. Ne2 e5 30. g3 exf4 
31. gxf4 Nf6 32. h3 Be4 33. Bxe4 Nxe4+ 34. Ke3 h6 35. h4 Kc6 36. Nc1 g5 
37. fxg5 hxg5 38. hxg5 Nxg5 39. Nd3 Ne6 40. Ne5+ Kd6 41. Nd3 a6 42. Kf3 Nd4+ 
43. Kf4 cxb4 44. axb4 Nc2 45. Kxf5 Nxb4 46. Nxb4 Kc5 47. Nxa6+ Kxc4 1/2-1/2

[Event "AUT_chT 2012/13"]
[Site "Hohenems"]
[Date "2013.01.18"]
[Round "5"]
[Board "5"]
[White "De Francesco, Klaus"]
[Black "Feher, Adam"]
[Result "1/2-1/2"]
[WhiteElo "2236"]
[BlackElo "2380"]
[PlyCount "59"]
[EventDate "2012.11.02"]
[EventType "team"]
[EventRounds "11"]
[EventCountry "AUT"]
[WhiteTeam "SK Absam"]
[BlackTeam "SK Sparkasse Fuerstenfeld"]

1. d4 Nf6 2. c4 e6 3. Nf3 b6 4. g3 Ba6 5. Qc2 Bb4+ 6. Bd2 Bxd2+ 
7. Nbxd2 d5 8. Bg2 O-O 9. O-O Nbd7 10. Ne5 Bb7 11. Nxd7 Qxd7 12. c5 bxc5 
13. Qxc5 Ba6 14. Rfe1 Rab8 15. b3 Rb5 16. Qa3 Bb7 17. Rac1 Ne4 18. Nxe4 dxe4 
19. Rc5 Rxc5 20. Qxc5 Bd5 21. e3 c6 22. Rc1 Rb8 23. Bf1 Rb6 24. h4 g6 
25. Rc2 Kg7 26. b4 h6 27. a3 g5 28. hxg5 hxg5 29. Rc1 f5 30. Be2 1/2-1/2

[Event "AUT_chT 2012/13"]
[Site "Hohenems"]
[Date "2013.01.18"]
[Round "5"]
[Board "1"]
[White "Lenic, Luka"]
[Black "Erdos, Viktor"]
[Result "1/2-1/2"]
[WhiteElo "2618"]
[BlackElo "2636"]
[PlyCount "61"]
[EventDate "2012.11.02"]
[EventType "team"]
[EventRounds "11"]
[EventCountry "AUT"]
[WhiteTeam "SV Raika Rapid Feffernitz"]
[BlackTeam "SK Husek Wien"]

1. c4 c5 2. Nf3 Nc6 3. d4 cxd4 4. Nxd4 Nf6 5. Nc3 e6 6. a3 Be7 
7. e4 O-O 8. Be2 d5 9. exd5 exd5 10. O-O Nxd4 11. Qxd4 Be6 12. cxd5 Nxd5 
13. Nxd5 Qxd5 14. Qxd5 Bxd5 15. Rd1 Rfd8 16. Be3 Bf6 17. Rd2 Bb3 18. Rc1 Rxd2 
19. Bxd2 Rd8 20. Bc3 Bg5 21. Re1 Re8 22. Bf3 Rxe1+ 23. Bxe1 Bf6 24. Bxb7 Bxb2 
25. Bb4 a5 26. Bxa5 Bxa3 27. Bc3 Bc5 28. h4 h5 29. g3 g6 30. Kg2 Bc4 
31. Kf3 1/2-1/2

[Event "AUT_chT 2012/13"]
[Site "Hohenems"]
[Date "2013.01.18"]
[Round "5"]
[Board "3"]
[White "Zorko, Jure"]
[Black "Mihok, Oliver"]
[Result "0-1"]
[WhiteElo "2464"]
[BlackElo "2442"]
[PlyCount "88"]
[EventDate "2012.11.02"]
[EventType "team"]
[EventRounds "11"]
[EventCountry "AUT"]
[WhiteTeam "SV Raika Rapid Feffernitz"]
[BlackTeam "SK Husek Wien"]

1. e4 e5 2. Nf3 Nc6 3. Bb5 a6 4. Ba4 Nf6 5. d3 d6 6. c3 b5 
7. Bb3 Be7 8. a4 Rb8 9. axb5 axb5 10. O-O O-O 11. h3 Bd7 12. Be3 Ra8 
13. Nbd2 Na5 14. Bc2 c5 15. Re1 Nc6 16. Bg5 Rxa1 17. Qxa1 Nh5 18. Be3 Qc8 
19. Qd1 g6 20. Bb3 Kg7 21. d4 Nf6 22. d5 Nd8 23. c4 bxc4 24. Ba4 Qa6 
25. Bxd7 Nxd7 26. Qa1 Qb5 27. Qa7 f5 28. Nxc4 Qxc4 29. Qxd7 Rf7 30. Qe8 h6 
31. exf5 gxf5 32. Bd2 Qxd5 33. Ra1 Qc6 34. Qxc6 Nxc6 35. Bc3 Rf8 36. Ra6 Rc8 
37. Rb6 Kf7 38. Kf1 Ke6 39. b4 cxb4 40. Bxb4 Bd8 41. Rb7 e4 42. Ne1 Nxb4 
43. Rxb4 Rc1 44. Rb5 Bf6 0-1

[Event "AUT_chT 2012/13"]
[Site "Hohenems"]
[Date "2013.01.18"]
[Round "5"]
[Board "6"]
[White "Juhasz, Armin"]
[Black "Kavcic, Zan"]
[Result "1/2-1/2"]
[WhiteElo "2192"]
[BlackElo "2296"]
[PlyCount "104"]
[EventDate "2012.11.02"]
[EventType "team"]
[EventRounds "11"]
[EventCountry "AUT"]
[WhiteTeam "SK Husek Wien"]
[BlackTeam "SV Raika Rapid Feffernitz"]

1. d4 Nf6 2. c4 c5 3. d5 b5 4. cxb5 a6 5. bxa6 g6 6. Nc3 Bxa6 
7. e4 Bxf1 8. Kxf1 d6 9. Nf3 Bg7 10. g3 Nbd7 11. Kg2 O-O 12. Re1 Ng4 
13. Nd2 Nge5 14. Qe2 Nb6 15. a4 c4 16. a5 Nd3 17. Rd1 Bxc3 18. bxc3 Qc8 
19. Nf3 Nxc1 20. Rdxc1 Nd7 21. Rcb1 Qc7 22. a6 Rfb8 23. Rxb8+ Nxb8 24. Nd2 Rxa6 
25. Rxa6 Nxa6 26. Qxc4 Qxc4 27. Nxc4 Nc5 28. Nd2 g5 29. f4 gxf4 30. gxf4 Kg7 
31. Kf3 f6 32. Nf1 Na4 33. c4 Nb2 34. Ne3 Nd3 35. Nd1 Kg6 36. Ke3 Nc5 
37. Nf2 Kh5 38. e5 f5 39. Nd3 Nd7 40. Kd4 Kg4 41. exd6 exd6 42. c5 dxc5+ 
43. Nxc5 Nb6 44. d6 Kxf4 45. d7 Nxd7 46. Nxd7 Kf3 47. Ne5+ Kg2 48. h4 Kg3 
49. h5 Kh4 50. h6 Kg5 51. Nf7+ Kg6 52. Ke5 Kxf7 1/2-1/2

[Event "AUT_chT 2012/13"]
[Site "Hohenems"]
[Date "2013.01.18"]
[Round "5"]
[Board "1"]
[White "Babula, Vlastimil"]
[Black "Antoniewski, Rafal"]
[Result "1/2-1/2"]
[WhiteElo "2585"]
[BlackElo "2557"]
[PlyCount "68"]
[EventDate "2012.11.02"]
[EventType "team"]
[EventRounds "11"]
[EventCountry "AUT"]
[WhiteTeam "Club 7 Ansfelden"]
[BlackTeam "ASVOE Wulkaprodersdorf"]

1. d4 d6 2. Nf3 g6 3. c4 Bg7 4. Nc3 Nc6 5. d5 Ne5 6. Nxe5 Bxe5 
7. e4 Nf6 8. Bd3 O-O 9. Bh6 Re8 10. h3 e6 11. O-O exd5 12. exd5 c6 
13. Qd2 cxd5 14. cxd5 Bd7 15. Rfe1 Qa5 16. Bc4 Rac8 17. Bb3 Bxc3 18. bxc3 Qxc3 
19. Qxc3 Rxc3 20. Be3 Rd3 21. Bxa7 Rxe1+ 22. Rxe1 Nxd5 23. Bb8 Nf4 24. Re3 Rxe3 
25. fxe3 Ne2+ 26. Kf1 Ng3+ 27. Kf2 Ne4+ 28. Kf3 Bc6 29. Kf4 Kg7 30. Bc2 Nc3 
31. e4 Nb5 32. Bd3 f6 33. Bxb5 Bxb5 34. Bxd6 Kf7 1/2-1/2

[Event "AUT_chT 2012/13"]
[Site "Hohenems"]
[Date "2013.01.18"]
[Round "5"]
[Board "4"]
[White "Polzin, Rainer"]
[Black "Moser, Guenter"]
[Result "0-1"]
[WhiteElo "2465"]
[BlackElo "2356"]
[PlyCount "54"]
[EventDate "2012.11.02"]
[EventType "team"]
[EventRounds "11"]
[EventCountry "AUT"]
[WhiteTeam "ASVOE Wulkaprodersdorf"]
[BlackTeam "Club 7 Ansfelden"]

1. e4 c6 2. d4 d5 3. e5 Bf5 4. Nc3 e6 5. g4 Bg6 6. Nge2 c5 
7. h4 cxd4 8. Nxd4 h5 9. Bb5+ Nd7 10. Qe2 Bb4 11. Bg5 Ne7 12. f4 Qb6 
13. O-O-O Bxc3 14. bxc3 Be4 15. Rhe1 Nc6 16. f5 Ndxe5 17. fxe6 f6 18. Be3 Qa5 
19. Nb3 Qc7 20. Bf4 a6 21. Bxc6+ Qxc6 22. Bxe5 fxe5 23. Qf2 Rf8 24. Qc5 hxg4 
25. Qb4 Rc8 26. e7 Rf4 27. Na5 Qxc3 0-1

[Event "AUT_chT 2012/13"]
[Site "Hohenems"]
[Date "2013.01.18"]
[Round "5"]
[Board "6"]
[White "Thiede, Lars"]
[Black "Knoll, Hermann"]
[Result "1-0"]
[WhiteElo "2441"]
[BlackElo "2302"]
[PlyCount "59"]
[EventDate "2012.11.02"]
[EventType "team"]
[EventRounds "11"]
[EventCountry "AUT"]
[WhiteTeam "ASVOE Wulkaprodersdorf"]
[BlackTeam "Club 7 Ansfelden"]

1. Nf3 Nf6 2. g3 d5 3. Bg2 c6 4. b3 Bf5 5. Bb2 e6 6. d3 h6 
7. Nbd2 Bh7 8. O-O Nbd7 9. h3 a5 10. a4 Qb8 11. Kh1 e5 12. e4 dxe4 
13. dxe4 Bc5 14. Nc4 Nxe4 15. Nfxe5 Ndf6 16. Ng4 O-O 17. Nxf6+ Nxf6 18. Bxf6 gxf6 
19. Qh5 Qa7 20. Qxh6 Bxc2 21. Qxf6 Bd4 22. Qg5+ Bg7 23. Ne3 Bg6 24. Rad1 Rae8 
25. Ng4 Re6 26. f4 f5 27. Rfe1 Rfe8 28. Rxe6 Rxe6 29. Rd8+ Be8 30. Rxe8+ 1-0

[Event "AUT_chT 2012/13"]
[Site "Hohenems"]
[Date "2013.01.18"]
[Round "5"]
[Board "2"]
[White "Buhmann, Rainer"]
[Black "Rozentalis, Eduardas"]
[Result "1/2-1/2"]
[WhiteElo "2593"]
[BlackElo "2616"]
[PlyCount "72"]
[EventDate "2012.11.02"]
[EventType "team"]
[EventRounds "11"]
[EventCountry "AUT"]
[WhiteTeam "SK MPOE Maria Saal"]
[BlackTeam "SK Hohenems"]

1. Nf3 e6 2. c4 b6 3. g3 Bb7 4. Bg2 Nf6 5. O-O Be7 6. d4 O-O 
7. d5 exd5 8. Nh4 c6 9. cxd5 Nxd5 10. Nf5 Bf6 11. e4 Ne7 12. Nd6 Ba6 
13. Re1 Nc8 14. Nxc8 Bxc8 15. e5 Be7 16. Nc3 Na6 17. Be3 Nc5 18. Qc2 f6 
19. Rad1 fxe5 20. Bxc6 Rb8 21. b4 Qe8 22. Bg2 Ne6 23. Qa4 Bb7 24. Nd5 Bc6 
25. Nxe7+ Qxe7 26. Bxc6 dxc6 27. Qxc6 Rbd8 28. a4 Qf7 29. Qc4 h6 30. Rxd8 Rxd8 
31. Rc1 Rf8 32. a5 bxa5 33. bxa5 Nd4 34. Qxf7+ Rxf7 35. Rc8+ Kh7 36. Kg2 Nb3 
1/2-1/2

[Event "AUT_chT 2012/13"]
[Site "Hohenems"]
[Date "2013.01.18"]
[Round "5"]
[Board "4"]
[White "Kreisl, Robert"]
[Black "Bindrich, Falko"]
[Result "1/2-1/2"]
[WhiteElo "2410"]
[BlackElo "2559"]
[PlyCount "129"]
[EventDate "2012.11.02"]
[EventType "team"]
[EventRounds "11"]
[EventCountry "AUT"]
[WhiteTeam "SK MPOE Maria Saal"]
[BlackTeam "SK Hohenems"]

1. Nf3 Nf6 2. c4 e6 3. g3 b6 4. Bg2 Bb7 5. O-O Be7 6. Nc3 O-O 
7. Re1 Ne4 8. Qc2 Nxc3 9. dxc3 f5 10. Nd4 Bxg2 11. Kxg2 Qc8 12. Kg1 Qb7 
13. e4 fxe4 14. Qxe4 Qxe4 15. Rxe4 Na6 16. Re2 Bf6 17. Bf4 g5 18. Be5 Be7 
19. Nc2 Rf7 20. Rd1 d6 21. Bd4 e5 22. Be3 Raf8 23. b3 Kg7 24. Bc1 Bd8 
25. Nb4 Nb8 26. Nd5 Rf3 27. Kg2 R3f7 28. Ne3 Kg6 29. h3 Nd7 30. Nd5 h5 
31. Be3 a5 32. Bc1 Nc5 33. Ba3 Ne6 34. Bc1 h4 35. Be3 Rf3 36. Bc1 g4 
37. hxg4 h3+ 38. Kg1 Nc5 39. Be3 Ne4 40. Rc1 R8f7 41. Rcc2 c6 42. Bxb6 cxd5 
43. Bxd8 Nxc3 44. Re1 d4 45. Bxa5 d3 46. Rxc3 d2 47. Rxf3 dxe1=Q+ 48. Bxe1 Rxf3 
49. Kh2 Rd3 50. Kxh3 e4 51. Ba5 Rd1 52. Bb4 Kg5 53. a4 Rh1+ 54. Kg2 Rb1 
55. Bxd6 Rxb3 56. a5 Rb2 57. c5 Kxg4 58. Bf4 Ra2 59. c6 Rxa5 60. c7 Rc5 
61. Kf1 Kf3 62. Ke1 Rc4 63. Be5 Rc6 64. Bf4 Rc4 65. Be5 1/2-1/2

[Event "AUT_chT 2012/13"]
[Site "Hohenems"]
[Date "2013.01.18"]
[Round "5"]
[Board "5"]
[White "Atlas, Valery"]
[Black "Schachinger, Mario"]
[Result "0-1"]
[WhiteElo "2448"]
[BlackElo "2422"]
[PlyCount "134"]
[EventDate "2012.11.02"]
[EventType "team"]
[EventRounds "11"]
[EventCountry "AUT"]
[WhiteTeam "SK Hohenems"]
[BlackTeam "SK MPOE Maria Saal"]

1. e4 c6 2. Nf3 d5 3. Nc3 Bg4 4. h3 Bxf3 5. Qxf3 e6 6. d4 dxe4 
7. Qxe4 Nf6 8. Qd3 Na6 9. a3 Be7 10. Be3 O-O 11. O-O-O Nc7 12. Kb1 b5 
13. g4 Ncd5 14. Bg2 b4 15. axb4 Nxb4 16. Qc4 Nfd5 17. Na2 Rb8 18. Bd2 Nxa2 
19. Qxa2 Qb6 20. Ba5 Qb7 21. Bxd5 exd5 22. Rd3 Bh4 23. f3 Rfe8 24. Rhd1 Qd7 
25. Bd2 h6 26. Bf4 Rb7 27. Qa4 Bf6 28. Rb3 Rxb3 29. Qxb3 Qe6 30. Qd3 Qe2 
31. Qxe2 Rxe2 32. Bb8 Re3 33. Bxa7 Rxf3 34. Rh1 g6 35. c3 Be7 36. Bb8 f5 
37. gxf5 gxf5 38. Be5 Kf7 39. Kc2 Rf2+ 40. Kb3 f4 41. Rg1 f3 42. Rg4 Bg5 
43. Rg3 Ke6 44. c4 Kf5 45. cxd5 cxd5 46. Kc3 Bf4 47. Bxf4 Kxf4 48. Rg6 Rg2 
49. Rxh6 f2 50. Rf6+ Kg3 51. Kb4 Rg1 52. Kc5 f1=Q 53. Rxf1 Rxf1 54. Kxd5 Kf4 
55. b4 Rb1 56. Kc5 Kf5 57. b5 Ke6 58. Kc6 Rc1+ 59. Kb7 Kd7 60. b6 Rd1 
61. h4 Rxd4 62. h5 Rf4 63. h6 Rf8 64. h7 Rh8 65. Ka7 Kc6 66. b7 Kc7 
67. Ka6 Kb8 0-1